| 000 | 00504nam a2200181Ia 4500 | ||
|---|---|---|---|
| 001 | 8918 | ||
| 005 | 20260306160645.0 | ||
| 008 | 260306t2007||||xx |||||||||||||| ||spa|| | ||
| 041 | _aESP | ||
| 082 |
_a371.92 _bM86 |
||
| 100 |
_aMorales Navarro, Mario _eAUT |
||
| 245 | 0 |
_aEl cambio cognitivo en el niño de aprendizaje lento: _buna mirada desde la teoría de la modificabilidad estructural cognitiva |
|
| 260 | _c2007 | ||
| 300 |
_a _c |
||
| 650 | _aGEN | ||
| 654 | _aCED | ||
| 942 |
_cLIB _dJUS _fJUS _2ddc _n |
||
| 999 |
_c8918 _d8918 |
||